Aerolineas Argentinas fleet - Statistics

General Stats
  • This quiz has been taken 8 times
  • The average score is 5 of 7
Answer Stats
Hint Answer % Correct
Boeing 737-700
100%
Boeing 737-800
100%
Boeing 737 MAX 8
88%
Airbus A330-200
88%
Embraer E190
75%
Embraer (order) E195-E2
50%
Boeing 737-800SF
25%
No matching quizzes found
Score Distribution
Percent of People with Each Score
Percentile by Number Answered
Your Score History
You have not taken this quiz